Washington Capitals Roster (Updates) - Statistics

General Stats
  • This quiz has been taken 97 times
  • The average score is 17 of 26
Answer Stats
Hint Answer % Correct
Left Wing (C) Alex Ovechkin
100%
Center Dylan Strome
100%
Right Wing (A) Tom Wilson
95%
Secondary Goalie Charlie Lindgren
86%
Right Defense (A) John Carlson
86%
Center Nicklas Backstrom
86%
Right Wing T.J. Oshie
86%
Primary Goalie Logan Thompson
82%
Center Aliaksei Protas
77%
Left Defense Jakob Chychrun
68%
Center Lars Eller
68%
Center Connor McMichael
64%
Right Defense Matt Roy
64%
Left Wing Pierre-Luc Dubois
64%
Left Defense Rasmus Sandin
64%
Left Wing Andrew Mangiapane
55%
Left Wing Jakub Vrana
55%
Left Defense Martin Fehervary
55%
Center Nic Dowd
55%
Left Defense Alex Alexeyev
50%
Right Wing Taylor Raddysh
50%
Right Defense Trevor van Riemsdyk
50%
Right Wing Brandon Duhaime
45%
Right Defense Dylan McIlrath
45%
Center Ethen Frank
45%
Left Wing Sonny Milano
45%
No matching quizzes found
Score Distribution
Percent of People with Each Score
Percentile by Number Answered
Your Score History
You have not taken this quiz